[Event "Le Bolduc II - B"]
[Site "Montreal CAN"]
[Date "2003.10.06"]
[Round "5"]
[White "Boulay, David"]
[Black "Tremblay, Alain"]
[Result "1/2-1/2"]
[WhiteElo "2231"]
[BlackElo "2005"]
[PlyCount "145"]
[EventDate "2003.09.22"]
[EventType "tourn"]
[EventRounds "11"]
[EventCountry "CAN"]

1. e4 e6 2. d4 d5 3. Nc3 Bb4 4. e5 b6 5. a3 Bf8 6. Nce2 a5 7. Nf3 Ba6 8. g3 Qd7
9. Bg2 Ne7 10. O-O h5 11. Re1 Nf5 12. Bh3 Bxe2 13. Qxe2 g6 14. Bg5 Be7 15. Bxf5
gxf5 16. Bxe7 Qxe7 17. c4 dxc4 18. Qxc4 c6 19. Rac1 Ra7 20. h4 b5 21. Qe2 Qd7
22. Rc5 Na6 23. Rc2 Qd5 24. Rec1 Rc7 25. Qe3 Kd8 26. Ng5 Kc8 27. Rd2 Kb7 28.
Nh3 Rd7 29. Nf4 Qe4 30. Qxe4 fxe4 31. Re1 Nc5 32. Rc2 Nb3 33. Rxe4 Nxd4 34. Rc3
a4 35. Kg2 Nb3 36. Re2 c5 37. f3 Kb6 38. Kh3 Rd4 39. Rd3 c4 40. Rxd4 Nxd4 41.
Re3 Nf5 42. Re1 Kc5 43. Rd1 Nd4 44. Kg2 Nc6 45. Re1 b4 46. axb4+ Kxb4 47. Re3
Ne7 48. Re2 Ng6 49. Nh3 Rd8 50. Ng5 Rd7 51. f4 a3 52. bxa3+ Kxa3 53. Ne4 Rd3
54. Rc2 Kb3 55. Rc1 Rd4 56. Rc3+ Kb2 57. Re3 Ne7 58. Kf3 Nf5 59. Re2+ Kb3 60.
Re1 c3 61. Rb1+ Kc4 62. Rb7 Kd3 63. Nxc3 Kxc3 64. Rxf7 Rd3+ 65. Kf2 Nxg3 66.
Re7 Ne4+ 67. Kg2 Rg3+ 68. Kh2 Rg4 69. Rxe6 Rxh4+ 70. Kg2 Rxf4 71. Rh6 Rf5 72.
e6 Re5 73. e7 1/2-1/2

[Event "Le Bolduc II - B"]
[Site "Montreal CAN"]
[Date "2003.10.06"]
[Round "5"]
[White "Cazelais, Marc"]
[Black "Charbonneau, Anne-Marie"]
[Result "1/2-1/2"]
[WhiteElo "2192"]
[BlackElo "2065"]
[PlyCount "68"]
[EventDate "2003.09.22"]
[EventType "tourn"]
[EventRounds "11"]
[EventCountry "CAN"]

1. e4 c5 2. c3 Nf6 3. e5 Nd5 4. d4 cxd4 5. Nf3 e6 6. cxd4 d6 7. Bd3 Bd7 8. O-O
Bc6 9. Nc3 Nxc3 10. bxc3 Nd7 11. Bf4 Qc7 12. Re1 dxe5 13. Nxe5 Nxe5 14. Bxe5
Bd6 15. Bxd6 Qxd6 16. Qh5 g6 17. Qg5 O-O 18. h4 Qd8 19. Qf4 Qd5 20. f3 Rfd8 21.
Re5 Qd6 22. h5 Qf8 23. Rae1 Rd5 24. Bc4 Rxe5 25. Rxe5 Bd7 26. Bb3 Rc8 27. Re3
a5 28. h6 a4 29. Bc2 Bb5 30. g4 Bc4 31. Bxa4 Bxa2 32. g5 Ra8 33. Bd1 Bc4 34.
Kf2 Qb8 1/2-1/2

[Event "Le Bolduc II - B"]
[Site "Montreal CAN"]
[Date "2003.10.06"]
[Round "5"]
[White "Trinh, Tri Bao"]
[Black "Khaziyeva, Dinara"]
[Result "1/2-1/2"]
[WhiteElo "2064"]
[BlackElo "1946"]
[PlyCount "23"]
[EventDate "2003.09.22"]
[EventType "tourn"]
[EventRounds "11"]
[EventCountry "CAN"]

1. e4 c6 2. Nf3 d5 3. Nc3 dxe4 4. Nxe4 Nf6 5. Nxf6+ exf6 6. d4 Bd6 7. Bd3 Bg4
8. h3 Bxf3 9. Qxf3 O-O 10. O-O Re8 11. Bd2 Nd7 12. Rfe1 1/2-1/2

[Event "Le Bolduc II - B"]
[Site "Montreal CAN"]
[Date "2003.10.08"]
[Round "6"]
[White "Gagnon, Michel"]
[Black "Cazelais, Marc"]
[Result "0-1"]
[WhiteElo "2195"]
[BlackElo "2192"]
[PlyCount "96"]
[EventDate "2003.09.22"]
[EventType "tourn"]
[EventRounds "11"]
[EventCountry "CAN"]

1. e4 c5 2. Nf3 Nc6 3. d4 cxd4 4. Nxd4 Nf6 5. Nc3 e5 6. Ndb5 d6 7. Bg5 a6 8.
Na3 b5 9. Bxf6 gxf6 10. Nd5 Bg7 11. Bd3 Ne7 12. O-O Nxd5 13. exd5 f5 14. c3 e4
15. Bc2 O-O 16. Qh5 b4 17. Nc4 bxc3 18. b3 Qf6 19. Rad1 Re8 20. Rfe1 Rd8 21. f3
exf3 22. Qxf3 f4 23. Re4 Bh6 24. Rdd4 Qg7 25. Rxf4 Bxf4 26. Qxf4 f5 27. Rd3 Qf6
28. Re3 Ra7 29. Nb6 Rg7 30. Kf1 Rg4 31. Rg3 Rxg3 32. hxg3 Kh8 33. Nc4 Bb7 34.
Ne3 Qe5 35. Qh6 Bc8 36. g4 Qg7 37. Qh4 Rf8 38. gxf5 Qe5 39. Qf2 Bb7 40. Nc4
Qxd5 41. Qg3 Qd4 42. Nxd6 Bc6 43. Nc4 Bb5 44. Qd3 Bxc4 45. bxc4 Qxd3+ 46. Bxd3
Rb8 47. Ke2 Rb2+ 48. Ke3 Rxg2 0-1

[Event "Le Bolduc II - B"]
[Site "Montreal CAN"]
[Date "2003.10.08"]
[Round "6"]
[White "Khaziyeva, Dinara"]
[Black "Bachand-Fleurent, Julien"]
[Result "0-1"]
[WhiteElo "1946"]
[BlackElo "2140"]
[PlyCount "56"]
[EventDate "2003.09.22"]
[EventType "tourn"]
[EventRounds "11"]
[EventCountry "CAN"]

1. c4 c6 2. Nf3 d5 3. d4 e6 4. Qb3 Nf6 5. g3 Qb6 6. c5 Qd8 7. Bf4 Nbd7 8. Qc2
Be7 9. Nc3 Nh5 10. b4 O-O 11. a4 f6 12. Bd2 g5 13. g4 Ng7 14. h4 gxh4 15. Rxh4
f5 16. g5 e5 17. dxe5 Ne6 18. Rh2 Qc7 19. Ra3 Nxe5 20. Nxe5 Qxe5 21. Rg2 a5 22.
Nd1 axb4 23. Rag3 Nd4 24. Qb2 f4 25. Rd3 Bxc5 26. g6 h6 27. g7 Re8 28. e4 Qxe4+
0-1

[Event "Le Bolduc II - B"]
[Site "Montreal CAN"]
[Date "2003.10.08"]
[Round "6"]
[White "Tremblay, Alain"]
[Black "Arsenault, Nicolas"]
[Result "1-0"]
[WhiteElo "2005"]
[BlackElo "2070"]
[PlyCount "45"]
[EventDate "2003.09.22"]
[EventType "tourn"]
[EventRounds "11"]
[EventCountry "CAN"]

1. e4 c5 2. Nf3 Nc6 3. c3 e6 4. d4 d5 5. e5 Bd7 6. a3 f6 7. Bd3 fxe5 8. dxe5
Nh6 9. O-O Nf7 10. Re1 g5 11. h3 Bg7 12. c4 d4 13. Nxg5 Nxg5 14. Qh5+ Nf7 15.
f4 Qe7 16. Nd2 O-O-O 17. Ne4 Bxe5 18. fxe5 Ncxe5 19. Bb1 Rdg8 20. Bf4 Ng6 21.
Bh2 e5 22. Re2 Nh4 23. Qxf7 1-0

[Event "Le Bolduc II - B"]
[Site "Montreal CAN"]
[Date "2003.10.08"]
[Round "6"]
[White "Trinh, Tri Bao"]
[Black "Boulay, David"]
[Result "1/2-1/2"]
[WhiteElo "2064"]
[BlackElo "2231"]
[PlyCount "22"]
[EventDate "2003.09.22"]
[EventType "tourn"]
[EventRounds "11"]
[EventCountry "CAN"]

1. e4 e5 2. Nf3 d6 3. Bc4 c6 4. d4 Nd7 5. Nc3 Be7 6. O-O Ngf6 7. a4 O-O 8. h3
Qc7 9. Be3 Re8 10. Ng5 Rf8 11. Nf3 Re8 1/2-1/2

[Event "Le Bolduc II - B"]
[Site "Montreal CAN"]
[Date "2003.10.13"]
[Round "7"]
[White "Arsenault, Nicolas"]
[Black "Trinh, Tri Bao"]
[Result "1/2-1/2"]
[WhiteElo "2070"]
[BlackElo "2064"]
[PlyCount "39"]
[EventDate "2003.09.22"]
[EventType "tourn"]
[EventRounds "11"]
[EventCountry "CAN"]

1. e4 Nf6 2. e5 Nd5 3. d4 d6 4. Nf3 g6 5. Bc4 Nb6 6. Bb3 Bg7 7. O-O O-O 8. exd6
cxd6 9. h3 Nc6 10. Re1 e5 11. Bg5 Qc7 12. dxe5 dxe5 13. Nc3 h6 14. Bh4 g5 15.
Bg3 Bf5 16. Nb5 Qe7 17. Qd6 Rfe8 18. Qxe7 Rxe7 19. Nd6 Bg6 20. c3 1/2-1/2

[Event "Le Bolduc II - B"]
[Site "Montreal CAN"]
[Date "2003.10.13"]
[Round "7"]
[White "Bachand-Fleurent, Julien"]
[Black "Corriveau, Philippe"]
[Result "1-0"]
[WhiteElo "2140"]
[BlackElo "2103"]
[PlyCount "127"]
[EventDate "2003.09.22"]
[EventType "tourn"]
[EventRounds "11"]
[EventCountry "CAN"]

1. e4 e5 2. Nf3 Nc6 3. d4 exd4 4. Bc4 Nf6 5. e5 d5 6. Bb5 Ne4 7. Nxd4 Bd7 8.
Bxc6 bxc6 9. O-O Bc5 10. Be3 O-O 11. Nd2 Nxd2 12. Qxd2 Qe7 13. Bf4 Be6 14. Nxc6
Qd7 15. Nd4 Bxd4 16. Qxd4 c5 17. Qxc5 Rfc8 18. Qd4 Rxc2 19. Rac1 Rac8 20. Rxc2
Rxc2 21. Rc1 Qc6 22. Qd1 Rxc1 23. Qxc1 Qxc1+ 24. Bxc1 Kf8 25. Be3 a6 26. Bc5+
Ke8 27. f3 h5 28. Kf2 Kd7 29. b3 Bf5 30. Ke3 g5 31. Kd4 Kc6 32. Bf8 g4 33. Ke3
gxf3 34. gxf3 Bc2 35. b4 Kd7 36. Bc5 Bd1 37. Kf4 Ke6 38. Bd4 Kd7 39. h4 Ke6 40.
Bc3 Kd7 41. Bd4 Ke7 42. a4 Bxa4 43. Kg5 Bd1 44. f4 Bg4 45. f5 Ke8 46. Bc5 Bf3
47. Kf6 d4 48. Bxd4 Bd5 49. Bc5 Bc4 50. Kg7 Bb3 51. Kh6 Bd1 52. f6 Be2 53. e6
Bd1 54. Kg7 Bb3 55. exf7+ Bxf7 56. Be7 Bc4 57. Kh6 Be2 58. Kg6 Bc4 59. Kxh5 Kf7
60. Kg5 Bd3 61. h5 Bc2 62. Kf4 Bd1 63. h6 Bb3 64. h7 1-0

[Event "Le Bolduc II - B"]
[Site "Montreal CAN"]
[Date "2003.10.13"]
[Round "7"]
[White "Boulay, David"]
[Black "Khaziyeva, Dinara"]
[Result "1/2-1/2"]
[WhiteElo "2231"]
[BlackElo "1946"]
[PlyCount "31"]
[EventDate "2003.09.22"]
[EventType "tourn"]
[EventRounds "11"]
[EventCountry "CAN"]

1. e4 c6 2. d4 d5 3. exd5 cxd5 4. c4 Nf6 5. Nc3 Nc6 6. Bg5 Be6 7. Bxf6 gxf6 8.
Nf3 Qd7 9. cxd5 Bxd5 10. Bb5 Rg8 11. Nxd5 Qxd5 12. Bxc6+ Qxc6 13. O-O Bh6 14.
Re1 Kf8 15. Qd3 Rg7 16. d5 1/2-1/2

[Event "Le Bolduc II - B"]
[Site "Montreal CAN"]
[Date "2003.10.13"]
[Round "7"]
[White "Cazelais, Marc"]
[Black "Tremblay, Alain"]
[Result "0-1"]
[WhiteElo "2192"]
[BlackElo "2005"]
[PlyCount "132"]
[EventDate "2003.09.22"]
[EventType "tourn"]
[EventRounds "11"]
[EventCountry "CAN"]

1. e4 e6 2. d4 d5 3. Nd2 Be7 4. Ngf3 Nf6 5. e5 Ne4 6. Bd3 f5 7. exf6 Nxf6 8.
O-O O-O 9. Re1 c5 10. c3 Nc6 11. Nf1 cxd4 12. cxd4 Qb6 13. a3 a5 14. h3 Bd7 15.
Ng3 Bd6 16. Be3 Qc7 17. Ne2 Ne7 18. Nc3 Rac8 19. Rc1 Qb8 20. Bg5 Bf4 21. Bxf4
Qxf4 22. Qe2 Nc6 23. Qe3 Nh5 24. Bf1 Qxe3 25. fxe3 Ng3 26. Bd3 Ne7 27. Ne5 Bc6
28. Kh2 Ngf5 29. g4 Nd6 30. Rf1 g5 31. Kg2 Kg7 32. Rxf8 Rxf8 33. Rf1 Rc8 34.
Kg3 Ng6 35. Nf3 Nf7 36. Bxg6 hxg6 37. Ne5 Nd6 38. h4 gxh4+ 39. Kxh4 Rh8+ 40.
Kg5 Be8 41. Rf6 Bf7 42. Rf2 Rh3 43. Kf4 Be8 44. e4 g5+ 45. Kxg5 Rxc3 46. bxc3
Nxe4+ 47. Kf4 Nxf2 48. c4 b5 49. cxb5 Bxb5 50. Nf3 Nd3+ 51. Ke3 Kf6 52. Nd2 Kg5
53. Nb3 a4 54. Na5 Kxg4 55. Nb7 Nb2 56. Nc5 Kf5 57. Kd2 Nc4+ 58. Kc3 Nxa3 59.
Kb4 Nc2+ 60. Kxb5 a3 61. Nb3 Ke4 62. Kc5 Kd3 63. Kd6 Kc3 64. Nc1 Nxd4 65. Ke5
Kc2 66. Na2 Nc6+ 0-1

[Event "Le Bolduc II - B"]
[Site "Montreal CAN"]
[Date "2003.10.15"]
[Round "8"]
[White "Boulay, David"]
[Black "Arsenault, Nicolas"]
[Result "1-0"]
[WhiteElo "2231"]
[BlackElo "2070"]
[PlyCount "41"]
[EventDate "2003.09.22"]
[EventType "tourn"]
[EventRounds "11"]
[EventCountry "CAN"]

1. e4 c5 2. Nf3 Nc6 3. Nc3 d6 4. d4 cxd4 5. Nxd4 e5 6. Nb3 Be7 7. Be2 Nf6 8.
O-O O-O 9. Be3 a6 10. Qd2 Be6 11. Rfd1 b5 12. f3 Ne8 13. a4 b4 14. Nd5 a5 15.
Bb5 Bxd5 16. Qxd5 Na7 17. Bxe8 Rxe8 18. Nxa5 Qc7 19. Nc4 Nc6 20. Bb6 Qb7 21. a5
1-0

[Event "Le Bolduc II - B"]
[Site "Montreal CAN"]
[Date "2003.10.15"]
[Round "8"]
[White "Charbonneau, Anne-Marie"]
[Black "Bachand-Fleurent, Julien"]
[Result "1/2-1/2"]
[WhiteElo "2065"]
[BlackElo "2140"]
[PlyCount "31"]
[EventDate "2003.09.22"]
[EventType "tourn"]
[EventRounds "11"]
[EventCountry "CAN"]

1. d4 d5 2. c4 c6 3. Nf3 e6 4. e3 Nf6 5. Nc3 Nbd7 6. Qc2 Bd6 7. b3 O-O 8. Be2
Re8 9. O-O b6 10. Rd1 Bb7 11. Bb2 Rc8 12. Rac1 Qc7 13. e4 dxe4 14. Nxe4 Nxe4
15. Qxe4 Bf4 16. Ra1 1/2-1/2

[Event "Le Bolduc II - B"]
[Site "Montreal CAN"]
[Date "2003.10.15"]
[Round "8"]
[White "Trinh, Tri Bao"]
[Black "Cazelais, Marc"]
[Result "1/2-1/2"]
[WhiteElo "2064"]
[BlackElo "2192"]
[PlyCount "20"]
[EventDate "2003.09.22"]
[EventType "tourn"]
[EventRounds "11"]
[EventCountry "CAN"]

1. e4 c6 2. d4 g6 3. Nc3 d5 4. Nf3 Bg7 5. Be3 Bg4 6. Be2 dxe4 7. Nxe4 Nd7 8. h3
Bxf3 9. Bxf3 Ngf6 10. O-O Nxe4 1/2-1/2

[Event "Le Bolduc II - B"]
[Site "Montreal CAN"]
[Date "2003.10.20"]
[Round "9"]
[White "Arsenault, Nicolas"]
[Black "Khaziyeva, Dinara"]
[Result "1-0"]
[WhiteElo "2070"]
[BlackElo "1946"]
[PlyCount "83"]
[EventDate "2003.09.22"]
[EventType "tourn"]
[EventRounds "11"]
[EventCountry "CAN"]

1. e4 d6 2. d4 Nf6 3. Nc3 Nbd7 4. Nf3 e5 5. Be2 Be7 6. O-O O-O 7. Re1 c6 8. b3
Qc7 9. Bb2 b5 10. Bf1 Re8 11. dxe5 dxe5 12. a4 b4 13. Nb1 Bc5 14. a5 a6 15. Bd3
Nf8 16. Nbd2 Ng6 17. Nc4 Ng4 18. Rf1 f6 19. h3 Nh6 20. Bc1 Be6 21. Be3 Qe7 22.
Qe1 Bxe3 23. Qxe3 Nf4 24. Nb6 Ra7 25. Bc4 Bxc4 26. Nxc4 Rb7 27. Rfd1 Nf7 28.
Kh2 c5 29. Nb6 Ne6 30. Qd3 Nc7 31. Qc4 Nb5 32. Rd2 Qe6 33. Qxc5 Qe7 34. Qxe7
Rexe7 35. Ra4 Rec7 36. Rxb4 Na3 37. c4 Nb1 38. Rd3 Na3 39. Ra4 Nc2 40. Rd2 Nd4
41. Nxd4 exd4 42. Rxd4 1-0

[Event "Le Bolduc II - B"]
[Site "Montreal CAN"]
[Date "2003.10.20"]
[Round "9"]
[White "Bachand-Fleurent, Julien"]
[Black "Gagnon, Michel"]
[Result "1/2-1/2"]
[WhiteElo "2140"]
[BlackElo "2195"]
[PlyCount "79"]
[EventDate "2003.09.22"]
[EventType "tourn"]
[EventRounds "11"]
[EventCountry "CAN"]

1. e4 c5 2. Nc3 d6 3. g3 Nc6 4. Bg2 g6 5. d3 Bg7 6. Be3 Nh6 7. h3 f5 8. Qd2 Nf7
9. Nge2 Nd4 10. O-O O-O 11. f4 Rb8 12. Nd1 b6 13. c3 Nxe2+ 14. Qxe2 Qd7 15. Kh2
Ba6 16. Nf2 e6 17. exf5 exf5 18. Bd5 Bb7 19. Qf3 Bxd5 20. Qxd5 Qb7 21. Qxb7
Rxb7 22. Rfe1 Re8 23. Kg2 d5 24. Bd2 Rxe1 25. Rxe1 Nd6 26. Kf3 Kf7 27. Bc1 d4
28. c4 Bf6 29. b3 Nc8 30. Re2 Ne7 31. g4 Nc6 32. Bd2 Bh4 33. Nh1 a5 34. a4 Rb8
35. Ng3 Bxg3 36. Kxg3 Ne7 37. g5 Nc6 38. h4 Re8 39. Rxe8 Kxe8 40. Kf3 1/2-1/2

[Event "Le Bolduc II - B"]
[Site "Montreal CAN"]
[Date "2003.10.20"]
[Round "9"]
[White "Cazelais, Marc"]
[Black "Boulay, David"]
[Result "1-0"]
[WhiteElo "2192"]
[BlackElo "2231"]
[PlyCount "77"]
[EventDate "2003.09.22"]
[EventType "tourn"]
[EventRounds "11"]
[EventCountry "CAN"]

1. e4 c5 2. c3 d5 3. exd5 Qxd5 4. d4 e6 5. Nf3 Nf6 6. Bd3 cxd4 7. cxd4 Nc6 8.
O-O Be7 9. Nc3 Qd8 10. Re1 O-O 11. a3 b6 12. Bc2 Ba6 13. Bg5 g6 14. Qd2 Rc8 15.
Rad1 Nd5 16. Bxe7 Ncxe7 17. Qh6 f6 18. Rxe6 Nxc3 19. bxc3 Rxc3 20. Rde1 Rc7 21.
Bb3 Kh8 22. h4 Bc8 23. Rd6 Rd7 24. Rxd7 Bxd7 25. Qf4 Bc6 26. Ng5 Nf5 27. Nf7+
Rxf7 28. Bxf7 Nxd4 29. Kh2 Kg7 30. Ba2 Nf5 31. Rc1 Qd7 32. Bb3 Ne7 33. Rd1 Qb7
34. Rd6 f5 35. Qe5+ Kh6 36. Qf4+ Kg7 37. Qe5+ Kh6 38. Re6 Nd5 39. Bxd5 1-0

[Event "Le Bolduc II - B"]
[Site "Montreal CAN"]
[Date "2003.10.20"]
[Round "9"]
[White "Corriveau, Philippe"]
[Black "Charbonneau, Anne-Marie"]
[Result "0-1"]
[WhiteElo "2103"]
[BlackElo "2065"]
[PlyCount "72"]
[EventDate "2003.09.22"]
[EventType "tourn"]
[EventRounds "11"]
[EventCountry "CAN"]

1. e4 c5 2. Nc3 Nc6 3. g3 g6 4. Bg2 Bg7 5. d3 e6 6. Be3 d6 7. f4 Nge7 8. Nf3
Nd4 9. O-O O-O 10. Bf2 Nec6 11. Nxd4 Nxd4 12. e5 dxe5 13. fxe5 Bxe5 14. Ne4 f5
15. Nxc5 f4 16. gxf4 Bxf4 17. c3 Nf5 18. Qb3 Qd6 19. Bxb7 Bxh2+ 20. Kh1 Rb8 21.
Bxc8 Rxb3 22. Bxe6+ Kg7 23. axb3 Ng3+ 24. Bxg3 Rxf1+ 25. Rxf1 Qxg3 26. d4 h5
27. d5 Qh4 28. Kg2 Bd6 29. Rf7+ Kh6 30. Nb7 Qg3+ 31. Kf1 Bf4 32. c4 h4 33. d6
h3 34. Bd5 Qd3+ 35. Kf2 Qe3+ 36. Kf1 Bg3 0-1

[Event "Le Bolduc II - B"]
[Site "Montreal CAN"]
[Date "2003.10.22"]
[Round "10"]
[White "Arsenault, Nicolas"]
[Black "Cazelais, Marc"]
[Result "1-0"]
[WhiteElo "2070"]
[BlackElo "2192"]
[PlyCount "127"]
[EventDate "2003.09.22"]
[EventType "tourn"]
[EventRounds "11"]
[EventCountry "CAN"]

1. e4 c5 2. Nf3 Nc6 3. d4 cxd4 4. Nxd4 Nf6 5. Nc3 e5 6. Ndb5 d6 7. Bg5 a6 8.
Na3 b5 9. Nd5 Qa5+ 10. Bd2 Qd8 11. Bg5 Qa5+ 12. Bd2 Qd8 13. Nxf6+ Qxf6 14. Bd3
d5 15. exd5 Nb4 16. Be4 Qh4 17. Qe2 f5 18. Bf3 e4 19. g3 Qe7 20. Bxb4 Qxb4+ 21.
c3 Qd6 22. Rd1 Be7 23. Bg2 O-O 24. O-O Bb7 25. c4 Rfd8 26. f3 exf3 27. Bxf3 Bf6
28. Qf2 bxc4 29. Nxc4 Qb4 30. b3 a5 31. d6 Bxf3 32. Qxf3 a4 33. Qd5+ Kh8 34.
Rd3 g6 35. Ne5 Ra5 36. Nf7+ Kg7 37. Qe6 Bd4+ 38. Kg2 Qb7+ 39. Kh3 Qxf7 40.
Qxf7+ Kxf7 41. Rxd4 axb3 42. axb3 Ra2 43. g4 Ke6 44. Re1+ Kf6 45. gxf5 gxf5 46.
d7 Ra7 47. Red1 Rb7 48. R4d3 Ke6 49. Kg3 Ke5 50. Kf3 Ke6 51. Kf4 Rb4+ 52. Kf3
Rb7 53. R1d2 Ke5 54. Re3+ Kf6 55. Rd6+ Kf7 56. Red3 Rb4 57. R6d4 Rb7 58. Kf4
Rb5 59. Rd5 Rxd5 60. Rxd5 Ke6 61. Rd4 Kf6 62. b4 Ke6 63. h4 h5 64. b5 1-0

[Event "Le Bolduc II - B"]
[Site "Montreal CAN"]
[Date "2003.10.22"]
[Round "10"]
[White "Khaziyeva, Dinara"]
[Black "Charbonneau, Anne-Marie"]
[Result "1-0"]
[WhiteElo "1946"]
[BlackElo "2065"]
[PlyCount "77"]
[EventDate "2003.09.22"]
[EventType "tourn"]
[EventRounds "11"]
[EventCountry "CAN"]

1. e4 c5 2. Nf3 e6 3. b3 Nf6 4. e5 Nd5 5. Bb2 Nc6 6. g3 g6 7. c4 Nde7 8. Nc3
Nf5 9. Ne4 Be7 10. Bg2 Nfd4 11. Nxd4 Nxd4 12. Bxd4 cxd4 13. f4 d6 14. exd6 Bxd6
15. Nxd6+ Qxd6 16. d3 Rb8 17. O-O O-O 18. Qe2 Bd7 19. Qe5 Qxe5 20. fxe5 Bc6 21.
b4 Rfd8 22. b5 Bxg2 23. Kxg2 Rbc8 24. Kf3 Rc5 25. Ke4 h6 26. g4 Rd7 27. Rab1
Kg7 28. Rb4 Kf8 29. Ra4 b6 30. Ra6 Ke7 31. a4 Rcc7 32. h4 Rc5 33. h5 Rc8 34.
hxg6 fxg6 35. a5 bxa5 36. Rf6 h5 37. Raxe6+ Kd8 38. Rf8+ Kc7 39. Rc6+ 1-0

[Event "Le Bolduc II - B"]
[Site "Montreal CAN"]
[Date "2003.10.22"]
[Round "10"]
[White "Tremblay, Alain"]
[Black "Bachand-Fleurent, Julien"]
[Result "1-0"]
[WhiteElo "2005"]
[BlackElo "2140"]
[PlyCount "72"]
[EventDate "2003.09.22"]
[EventType "tourn"]
[EventRounds "11"]
[EventCountry "CAN"]

1. e4 e6 2. d4 d5 3. Nc3 Bb4 4. e5 c5 5. a3 Bxc3+ 6. bxc3 Ne7 7. Qg4 Qc7 8.
Qxg7 Rg8 9. Qxh7 cxd4 10. Ne2 Nbc6 11. f4 Bd7 12. Qd3 dxc3 13. Ng3 O-O-O 14.
Be2 d4 15. Bf3 a6 16. Rb1 Nd5 17. Ne4 Nxe5 18. fxe5 Qxe5 19. O-O Bb5 20. Rxb5
axb5 21. Qxb5 Rh8 22. g3 Rdg8 23. Qc5+ Kd7 24. Qb5+ Kc8 25. Qc5+ Kd7 26. Nf6+
Qxf6 27. Bxd5 Qg6 28. Qb5+ Kd8 29. Qa5+ Kd7 30. Qb5+ Kd8 31. Qa5+ Kd7 32. Qa4+
Kd6 33. Bf4+ e5 34. Bxf7 Qh7 35. Qxd4+ Ke7 36. Qxe5+ Kxf7 1-0

[Event "Le Bolduc II - B"]
[Site "Montreal CAN"]
[Date "2003.10.27"]
[Round "11"]
[White "Bachand-Fleurent, Julien"]
[Black "Trinh, Tri Bao"]
[Result "1/2-1/2"]
[WhiteElo "2140"]
[BlackElo "2064"]
[PlyCount "68"]
[EventDate "2003.09.22"]
[EventType "tourn"]
[EventRounds "11"]
[EventCountry "CAN"]

1. e4 d6 2. Nc3 g6 3. g3 Bg7 4. Bg2 Nf6 5. Nge2 O-O 6. O-O Nc6 7. f4 Bg4 8. h3
Bxe2 9. Nxe2 e6 10. d3 d5 11. e5 Nd7 12. c3 Ne7 13. g4 c5 14. d4 Qa5 15. Qd3
cxd4 16. cxd4 Rac8 17. a3 Rc4 18. Bd2 Qb6 19. b3 Rc7 20. Bb4 Re8 21. Bd6 Rc6
22. Rac1 Nc8 23. Bb4 a5 24. Bd2 Na7 25. Kh1 Rec8 26. f5 Rxc1 27. Rxc1 Rxc1+ 28.
Bxc1 Qb5 29. Qxb5 Nxb5 30. a4 Na7 31. Nf4 gxf5 32. gxf5 Bh6 33. Nd3 Bxc1 34.
Nxc1 Nc6 1/2-1/2

[Event "Le Bolduc II - B"]
[Site "Montreal CAN"]
[Date "2003.10.27"]
[Round "11"]
[White "Cazelais, Marc"]
[Black "Khaziyeva, Dinara"]
[Result "0-1"]
[WhiteElo "2192"]
[BlackElo "1946"]
[PlyCount "76"]
[EventDate "2003.09.22"]
[EventType "tourn"]
[EventRounds "11"]
[EventCountry "CAN"]

1. e4 c5 2. Nf3 Nf6 3. e5 Nd5 4. d4 cxd4 5. Qxd4 e6 6. Bc4 Nc6 7. Qe4 f5 8. Qe2
Nde7 9. O-O Ng6 10. b3 Qc7 11. Bb2 Be7 12. Re1 O-O 13. Nbd2 Nd8 14. a3 Kh8 15.
b4 Nf7 16. Bb3 b6 17. c4 Bb7 18. Rac1 Qc6 19. c5 bxc5 20. Bd4 Nf4 21. Qf1 Qa6
22. Bc4 Qxa3 23. bxc5 Qa5 24. Rb1 Qc7 25. Ba6 Bc6 26. Qc4 g5 27. Rec1 Nxg2 28.
Kxg2 g4 29. Kf1 gxf3 30. Qc3 Ng5 31. Bd3 Qd8 32. Bb5 Ne4 33. Nxe4 Bxe4 34. Bd3
Qe8 35. Ke1 Qg6 36. Kd2 Bg5+ 37. Be3 Bxe3+ 38. Kxe3 Qg5+ 0-1

[Event "Le Bolduc II - B"]
[Site "Montreal CAN"]
[Date "2003.10.27"]
[Round "11"]
[White "Charbonneau, Anne-Marie"]
[Black "Gagnon, Michel"]
[Result "0-1"]
[WhiteElo "2065"]
[BlackElo "2195"]
[PlyCount "72"]
[EventDate "2003.09.22"]
[EventType "tourn"]
[EventRounds "11"]
[EventCountry "CAN"]

1. d4 b5 2. e4 a6 3. a4 b4 4. Bc4 e6 5. d5 Nf6 6. f3 Bb7 7. Be3 exd5 8. Bxd5
Nxd5 9. exd5 Bd6 10. c4 Qh4+ 11. Bf2 Qxc4 12. Qe2+ Qxe2+ 13. Nxe2 O-O 14. O-O
Bxd5 15. Nd2 Nc6 16. Nd4 Nxd4 17. Bxd4 Rfe8 18. Rae1 f5 19. g3 Kf7 20. f4 g6
21. Kf2 Rxe1 22. Rxe1 Re8 23. Rc1 c6 24. Nc4 Bxc4 25. Rxc4 Re4 26. b3 c5 27.
Bb2 Rxc4 28. bxc4 Be7 29. Ke3 Bf6 30. Bxf6 Kxf6 31. Kd3 Ke6 32. a5 d5 33. h3 b3
34. cxd5+ Kxd5 35. Kc3 c4 36. g4 Ke4 0-1

[Event "Le Bolduc II - B"]
[Site "Montreal CAN"]
[Date "2003.10.27"]
[Round "11"]
[White "Corriveau, Philippe"]
[Black "Tremblay, Alain"]
[Result "1/2-1/2"]
[WhiteElo "2103"]
[BlackElo "2005"]
[PlyCount "97"]
[EventDate "2003.09.22"]
[EventType "tourn"]
[EventRounds "11"]
[EventCountry "CAN"]

1. f4 Nf6 2. Nf3 d5 3. e3 Bg4 4. b3 Nc6 5. Bb2 Qd6 6. d4 Ne4 7. Bd3 f5 8. O-O
e6 9. Qe1 Bxf3 10. gxf3 Nf6 11. a3 Be7 12. c4 b6 13. Nc3 O-O 14. Na4 Na5 15.
Qd1 c6 16. Bc3 Nb7 17. c5 bxc5 18. dxc5 Qd8 19. b4 a5 20. Nb6 Ra7 21. Bd4 Nd7
22. Nxd7 Qxd7 23. Qc2 Bf6 24. Qc3 Qc7 25. Kf2 Bxd4 26. Qxd4 Re8 27. Rg1 g6 28.
h4 Qg7 29. h5 axb4 30. axb4 Qxd4 31. exd4 Rxa1 32. Rxa1 Rb8 33. Ra6 Nd8 34. Rb6
Ra8 35. hxg6 hxg6 36. b5 Rc8 37. Ra6 cxb5 38. Bxb5 Kf7 39. Ke3 Rc7 40. Kd3 Ke7
41. Rb6 Ra7 42. Ba6 Rc7 43. Kc3 Nf7 44. Kd3 Nd8 45. Kd2 Nc6 46. Kc3 Nd8 47. Kb4
Nc6+ 48. Kc3 Nd8 49. Bb5 1/2-1/2

[Event "Le Thematique"]
[Site "Quebec CAN"]
[Date "2003.01.06"]
[Round "1"]
[White "Plante, Claude"]
[Black "Sauve, Richard"]
[Result "1-0"]
[WhiteElo "1403"]
[BlackElo "2008"]
[PlyCount "63"]
[EventDate "2003.01.06"]
[EventType "swiss"]
[EventRounds "5"]
[EventCountry "CAN"]

1. e4 e6 2. d3 d5 3. Nd2 Nf6 4. Ngf3 c5 5. g3 Nc6 6. Bg2 Be7 7. O-O b6 8. Re1
Bb7 9. e5 Nd7 10. h4 Qc7 11. Qe2 O-O-O 12. c3 h6 13. d4 g5 14. h5 g4 15. Nh2
cxd4 16. Nxg4 Rdg8 17. Nb3 d3 18. Qd1 Ncxe5 19. Nxe5 Nxe5 20. Nd4 a6 21. Bf4
Bd6 22. Bxe5 Bxe5 23. Qxd3 Bd6 24. Rac1 Kb8 25. c4 Bxg3 26. cxd5 Bxf2+ 27. Kxf2
Qf4+ 28. Nf3 Bxd5 29. Rg1 Rg3 30. Qe3 Qb4 31. Kxg3 f5 32. Qe5+ 1-0

[Event "Le Thematique"]
[Site "Quebec CAN"]
[Date "2003.01.13"]
[Round "2"]
[White "Laflamme, Simon"]
[Black "Caire, Francois"]
[Result "1-0"]
[WhiteElo "1761"]
[BlackElo "2091"]
[PlyCount "21"]
[EventDate "2003.01.06"]
[EventType "swiss"]
[EventRounds "5"]
[EventCountry "CAN"]

1. e4 e5 2. Nf3 Nc6 3. Bc4 Bc5 4. b4 Bxb4 5. c3 Ba5 6. d4 d6 7. Qb3 Qd7 8. O-O
Nf6 9. dxe5 dxe5 10. Rd1 Qe7 11. Ba3 1-0